The China-India border.

Bibliographic Details
Main Author: Lamb, Alastair, 1930-
Format: Book
Language:English
Published: London, New York : Oxford University Press, 1964.
Series:Chatham House essays ; 2.
Subjects:

MARC

Tag First Indicator Second Indicator Subfields
LEADER 00000cam a2200000 4500
001 in00000060334
005 20151007082534.0
008 720919s1964 eng u
010 |a  64002857  
035 |a (OCoLC)00409396 
035 |9 AAF8030AM 
040 |c WSU  |d TXA  |d UtOrBLW 
049 |a TXAM  |c [465943] 
050 0 |a DS450.C5  |b L3 1964 
092 |a 327.51  |b L218c 
100 1 |a Lamb, Alastair,  |d 1930- 
245 1 4 |a The China-India border. 
264 1 |a London, New York :  |b Oxford University Press,  |c 1964. 
300 |a 192 pages 
336 |a text  |b txt  |2 rdacontent 
337 |a unmediated  |b n  |2 rdamedia 
338 |a volume  |b nc  |2 rdacarrier 
490 1 |a Chatham House essays,  |v 2 
504 |a Bibliography: pages [183]-191. 
651 0 |a China  |x Boundaries  |z India. 
651 0 |a India  |x Boundaries  |z China. 
830 0 |a Chatham House essays ;  |v 2. 
999 |a MARS 
999 f f |s 7760c923-bd08-34d8-8e8d-f1d7f00c31dc  |i 6d9bb3c2-e187-3572-a04c-5d72c36154c3  |t 0 
952 f f |p ric  |a Texas A&M University  |b Rellis Campus  |c Joint Library Facility  |d Remote Storage  |t 0  |e DS450.C5 L3 1964  |h Library of Congress classification  |i unmediated -- volume  |m A14800676248 
998 f f |a DS450.C5 L3 1964  |t 0  |l Remote Storage